Le Partenariat euro-méditerranéen (notice n° 1733210)
[ vue normale ]
| 000 -LEADER | |
|---|---|
| fixed length control field | 00713cam a2200157 4500500 |
| 005 - DATE AND TIME OF LATEST TRANSACTION | |
| control field | 20260322003554.0 |
| 041 ## - LANGUAGE CODE | |
| Language code of text/sound track or separate title | fre |
| 042 ## - AUTHENTICATION CODE | |
| Authentication code | dc |
| 100 10 - MAIN ENTRY--PERSONAL NAME | |
| Personal name | Morin, Olivier |
| Relator term | author |
| 245 00 - TITLE STATEMENT | |
| Title | Le Partenariat euro-méditerranéen |
| 260 ## - PUBLICATION, DISTRIBUTION, ETC. | |
| Date of publication, distribution, etc. | 2005.<br/> |
| 500 ## - GENERAL NOTE | |
| General note | 72 |
| 520 ## - SUMMARY, ETC. | |
| Summary, etc. | RésuméLa Déclaration de Barcelone a presque dix ans. Document fondateur du Partenariat euro-méditerranéen, elle vise la construction d’une zone de paix, de prospérité et de stabilité partagée. Qu’en est-il aujourd’hui de ces objectifs ambitieux? |
| 786 0# - DATA SOURCE ENTRY | |
| Note | Études | 402 | 2 | 2005-02-01 | p. 163-174 | 0014-1941 |
| 856 41 - ELECTRONIC LOCATION AND ACCESS | |
| Uniform Resource Identifier | <a href="https://shs.cairn.info/revue-etudes-2005-2-page-163?lang=fr&redirect-ssocas=7080">https://shs.cairn.info/revue-etudes-2005-2-page-163?lang=fr&redirect-ssocas=7080</a> |
Pas d'exemplaire disponible.




Réseaux sociaux